[Event "Niedersachsen-ch Seniors op 10th"]
[Site "Bad Bevensen"]
[Date "2007.07.11"]
[Round "9"]
[White "Girod, Gudrun"]
[Black "Marunde, Uwe"]
[Result "1/2-1/2"]
[WhiteElo "1299"]
[BlackElo "1129"]
[PlyCount "81"]
[EventDate "2007.07.03"]
[EventType "swiss"]
[EventRounds "9"]
[EventCountry "GER"]
[SourceTitle "EXT 2022"]
[Source "ChessBase"]
[SourceDate "2021.10.06"]
[SourceVersion "1"]
[SourceVersionDate "2021.10.06"]
[SourceQuality "1"]

1. d4 d5 2. e3 a6 3. c4 dxc4 4. Bxc4 e6 5. Nf3 f6 6. Nc3 Bb4 7. Qb3 Bxc3+ 8. bxc3 Qe7 9. 0-0 b5 10. Be2 Bb7 11. c4 Bc6 12. cxb5 axb5 13. Bxb5 Qd7 14. Bxc6 Qxc6 15. Bb2 Ne7 16. Rfc1 Qd7 17. Qb7 Qd5 18. Qxc7 Na6 19. Qg3 0-0 20. Ba3 Rfe8 21. Bxe7 Rxe7 22. a3 Ree8 23. Ne1 Rec8 24. Qf3 Qxf3 25. Nxf3 Rc7 26. Rxc7 Nxc7 27. e4 Ra4 28. g3 Kf7 29. Kf1 Nb5 30. e5 Nc3 31. exf6 Kxf6 32. Rc1 Rxa3 33. Ne5 Nb5 34. Nc6 Ra4 35. Rb1 Nc3 36. Rc1 Ne4 37. f3 Nd2+ 38. Ke2 Nc4 39. Ne5 Nxe5 40. dxe5+ Kxe5 41. Rc2 1/2-1/2

[Event "Niedersachsen-ch Seniors op 10th"]
[Site "Bad Bevensen"]
[Date "2007.07.05"]
[Round "3"]
[White "Buss, Richard"]
[Black "Marunde, Uwe"]
[Result "1/2-1/2"]
[WhiteElo "1343"]
[BlackElo "1129"]
[PlyCount "63"]
[EventDate "2007.07.03"]
[EventType "swiss"]
[EventRounds "9"]
[EventCountry "GER"]
[SourceTitle "EXT 2022"]
[Source "ChessBase"]
[SourceDate "2021.10.06"]
[SourceVersion "1"]
[SourceVersionDate "2021.10.06"]
[SourceQuality "1"]

1. e4 e5 2. Nf3 Nf6 3. Nc3 Bb4 4. d3 Bxc3+ 5. bxc3 h6 6. Nxe5 Qe7 7. Nf3 Qc5 8. Bb2 Ng4 9. d4 Qe7 10. Bd3 d5 11. e5 f6 12. 0-0 fxe5 13. Nxe5 Nxe5 14. dxe5 Be6 15. Bg6+ Bf7 16. Bxf7+ Qxf7 17. Ba3 Qe6 18. Re1 Nc6 19. Qh5+ g6 20. Qh4 Kd7 21. Qg3 Rae8 22. Rad1 Kc8 23. Bb2 Rd8 24. a4 Rhe8 25. h3 Kb8 26. f4 Na5 27. Qd3 Qb6+ 28. Kh2 Qxb2 29. Rb1 Qa2 30. Qb5 b6 31. Qxa5 Qa3 32. Qa6 1/2-1/2